000 01136nam0a22002771 4500
001 rc\3144038
005 20120615101835.9
035 _a(NLR Aleph) 007292507
090 _a5624830
_c5624830
100 _a20120615d1975 |||y0rusy50 ca
101 0 _arus
102 _aRU
105 _ay z |||||
200 1 _aТехнический прогресс в машиностроении и проблема его стимулирования
_fПод науч. ред. к. э. н. А.П. Булкина
_gМ-во тяж., энерг. и трансп. машиностроения ЦНИИТМаш. Моск. гос. ун-т им. М.В. Ломоносова
210 _aМосква
_cБ. и.
_d1975
215 _a[2], 303 с.
_d20
300 _aПеред загл. авт.: В.А. Касьянов, А.П. Булкин, В.Б. Маленкович
333 _aДСП .Экз. № 5
700 1 _aКасьянов
_bВ. А.
701 1 _aБулкин
_bА. П.
_4340
701 1 _aМаленкович
_bВ. Б.
801 0 _aRU
_bNLR
_gpsbo
801 1 _aRU
_bELAR
_2rusmarc
852 _aNLR
_j75-50К/5330
942 _cBOOK
980 _aNB